000 00655cam a22002297i 4500
999 _c130520
_d130520
001 20630179
003 ARRUPE
005 20201020121440.0
008 180815s2018 za 000 1 eng
010 _a 9781976523243
020 _a9781976523243
040 _aDLC
_beng
_erda
_cDLC
042 _alcode
050 0 _aPR9405.9.N3 C6
100 1 _aNayame, Ingrid.
_949928
245 1 4 _aThe coloured vine /
_cIngrid Nayame.
260 _c2018.
300 _a315 pages ;
_c23 cm
906 _a7
_bcbc
_corigode
_d4
_encip
_f20
_gy-gencatlg
942 _2lcc
_cMONOGRAPH